Sitzungsberichte der Heidelberger Akademie der Wissenschaften, Mathematisch-Naturwissenschaftliche Klasse.

Sábháilte in:
Sonraí bibleagrafaíochta
Teideal nua:Schriften der Mathematisch-Naturwissenschaftlichen Klasse der Heidelberger Akademie der Wissenschaften
Údar corparáideach: Heidelberger Akademie der Wissenschaften. Mathematisch-Naturwissenschaftliche Klasse
Formáid: Sraithuimhir
Teanga:German
Foilsithe / Cruthaithe: Heidelberg : C. Winter, 1909-.
Ábhair:
LEADER 02471cas a2200481 a 4500
001 c000186717
003 CARM
005 20190222082045.0
008 751101d19091995gw uuzm 0 b0ger d
010 |a 12008903 
019 1 |a 888733  |5 LACONCORD2021 
022 |a 0371-0165 
030 |a SHWMAL 
035 |a (OCoLC)1751943  |5 LACONCORD2021 
040 |a MnMULS  |b eng  |c MnMULS  |d NIC  |d AIP  |d NSDP  |d NST  |d MiU  |d OCoLC  |d DLC  |d DNLM 
042 |a nsdp  |a lc 
050 0 0 |a AS182  |b .H4 
210 0 |a Sitzungsber. Heidelb. Akad. Wiss., Math.-Naturwiss. Kl 
222 0 |a Sitzungsberichte der Heidelberger Akademie der Wissenschaften, Mathematisch-Naturwissenschaftliche Klasse 
245 0 0 |a Sitzungsberichte der Heidelberger Akademie der Wissenschaften, Mathematisch-Naturwissenschaftliche Klasse. 
260 |a Heidelberg :  |b C. Winter,  |c 1909-. 
300 |a v. :  |b ill. ;  |c 25 cm. 
362 0 |a Jahrg. 1909, 1. Abhandlung- 
362 1 |a Ceased in 1995. 
515 |a 1911-1924 is in 2 sections: A. Mathematisch-Physikalische Wissenschaften; B. Biologische Wissenschaften. 
515 |a 1909/1910; Abt. A, 1922/1923, 1925/1926; Abt. B, 1920/1924 (Abt. B 1922 and 1924 not published) issued combined. Also 1953-1955, 1956-1957. 
515 |a 1909/1910-1921 also called Bd. 1-12. 
650 0 |a Mathematics. 
650 0 |a Physics. 
650 0 |a Biology. 
710 2 |a Heidelberger Akademie der Wissenschaften.  |b Mathematisch-Naturwissenschaftliche Klasse. 
785 0 0 |t Schriften der Mathematisch-Naturwissenschaftlichen Klasse der Heidelberger Akademie der Wissenschaften  |w (DLC) 98652005  |w (OCoLC)38000015 
852 8 |b CARM  |i C13661  |p 0489781  |j 1(1992)-2(1992)  |f SE 
852 8 |b CARM  |h A2:AQ19F0  |i C07740  |p 0261553  |j (1975)-(1986)  |f SE 
852 8 |b CARM  |h A2:AM02B0  |i B05763  |p 0259624  |j (1968)-(1974)  |f SE 
852 8 |b SCAN  |h A3:AG02G0  |i C13661  |p 0489781  |f SE 
852 8 |b SCAN  |h A3:AG02G0  |i C13661  |p 0489781  |f SE 
866 0 |a (1968)-2(1992) Inc. 
999 f f |i d60aa931-73ee-5880-8b1d-7ca8686f935a  |s 3288d3b7-9ac9-5e0f-9dde-1d776c7ddc83 
952 f f |p Can circulate  |a CAVAL  |b CAVAL  |c CAVAL  |d CARM 1 Store  |e C13661  |h Other scheme  |i book  |k 1(1992)-2(1992)  |m 0489781 
952 f f |p Can circulate  |a CAVAL  |b CAVAL  |c CAVAL  |d CARM 1 Store  |e C07740  |f A2:AQ19F0  |h Other scheme  |i book  |k (1975)-(1986)  |m 0261553 
952 f f |p Can circulate  |a CAVAL  |b CAVAL  |c CAVAL  |d CARM 1 Store  |e B05763  |f A2:AM02B0  |h Other scheme  |i book  |k (1968)-(1974)  |m 0259624 
952 f f |a CAVAL  |b CAVAL  |c CAVAL  |d Unmapped Location  |e C13661  |f A3:AG02G0  |h Other scheme